Statistics for African Countries by First 2 Letters in 90 Seconds

Click here to take the quiz!

General Stats

  • This quiz has been taken 283 times
  • The average score is 51 of 54

Answers on the Map

Answers color-coded by a green-red scale on the quiz's map according to % correct below.
 

Answer Stats

country% Correct
Algeria
100%
Egypt
100%
Somalia
100%
South Africa
100%
South Sudan
100%
D.R. Congo
99%
Madagascar
99%
Malawi
99%
Mali
99%
Mauritania
99%
Mauritius
99%
Morocco
99%
Mozambique
99%
Niger
99%
Nigeria
99%
Rep of the
Congo
98%
Liberia
97%
Libya
97%
Tunisia
97%
Ethiopia
96%
Senegal
96%
Seychelles
96%
Sudan
96%
Tanzania
96%
Cameroon
95%
Cape Verde
95%
Chad
95%
Zambia
94%
Angola
93%
Ivory Coast
93%
Lesotho
93%
Namibia
93%
Zimbabwe
93%
Central African
Republic
92%
Eritrea
92%
Gabon
92%
Gambia
92%
Kenya
92%
Comoros
91%
Djibouti
91%
Togo
91%
Botswana
90%
Burkina Faso
90%
Burundi
90%
Guinea
90%
Guinea-Bissau
90%
Ghana
88%
Uganda
88%
Rwanda
87%
Benin
86%
Equatorial
Guinea
85%
Eswatini
84%
São Tomé
and Príncipe
84%
Sierra Leone
82%

Score Distribution

Percentile by Number Answered

Percent of People with Each Score

Your Score History

You have not taken this quiz